[Event "TUR-chT 2nd League"]
[Site "Denizli"]
[Date "2023.07.10"]
[Round "2.116"]
[White "Ilkimen, Mehmet Emre"]
[Black "Dirikolu, Deniz"]
[Result "1/2-1/2"]
[WhiteElo "1870"]
[BlackElo "1933"]
[PlyCount "50"]
[EventDate "2023.07.09"]
[EventType "team-swiss"]
[EventRounds "9"]
[EventCountry "TUR"]
[SourceTitle "CBM 215 Extra"]
[Source "ChessBase"]
[SourceDate "2023.09.30"]
[SourceVersion "1"]
[SourceVersionDate "2023.09.30"]
[SourceQuality "1"]
[WhiteTeam "Denizli Ihtisas"]
[BlackTeam "Altinkale Kultur"]
[WhiteTeamCountry "TUR"]
[BlackTeamCountry "TUR"]

1. d4 Nf6 2. Bg5 e6 3. c3 h6 4. Bh4 b6 5. Nd2 Bb7 6. e3 d6 7. Ngf3 Nbd7 8. Bxf6 Nxf6 9. Bb5+ Nd7 10. e4 a6 11. Bd3 Be7 12. Qe2 0-0 13. 0-0 Re8 14. e5 dxe5 15. dxe5 Nc5 16. Bc2 a5 17. Rfd1 Qc8 18. h4 Rd8 19. h5 Bc6 20. Nd4 Bd5 21. Qg4 Nd7 22. Re1 f5 23. Nxf5 exf5 24. Bxf5 Kh8 25. Rad1 c5 1/2-1/2

[Event "TUR-chT 2nd League"]
[Site "Konya"]
[Date "2022.08.28"]
[Round "9.11"]
[White "Kose, Arat Uygar"]
[Black "Ilkimen, Mehmet Emre"]
[Result "0-1"]
[WhiteElo "1670"]
[BlackElo "1848"]
[PlyCount "95"]
[EventDate "2022.08.22"]
[EventType "team-swiss"]
[EventRounds "9"]
[EventCountry "TUR"]
[SourceTitle "CBM 210 Extra"]
[Source "ChessBase"]
[SourceDate "2022.11.30"]
[SourceVersion "1"]
[SourceVersionDate "2022.11.30"]
[SourceQuality "1"]
[WhiteTeam "Mersin Altin Piyon"]
[BlackTeam "Denizli Ihtisas"]
[WhiteTeamCountry "TUR"]
[BlackTeamCountry "TUR"]

1. e4 Nf6 2. e5 Nd5 3. d4 d6 4. Nf3 g6 5. Bc4 Nb6 6. Bb3 Bg7 7. Ng5 e6 8. Qf3 Qe7 9. Ne4 h6 10. Bf4 d5 11. Nf6+ Bxf6 12. exf6 Qxf6 13. Be5 Qxf3 14. gxf3 0-0 15. Bxc7 Nc6 16. Bxb6 axb6 17. c3 Bd7 18. Nd2 b5 19. f4 b4 20. Nf3 bxc3 21. bxc3 Na5 22. Kd2 Rfc8 23. Ne5 Be8 24. Rhe1 Rc7 25. h4 h5 26. f3 Rac8 27. Rac1 Kg7 28. Nd3 Kf6 29. Nc5 Bb5 30. Bd1 Nc4+ 31. Kc2 b6 32. Nb3 Nd6 33. Kb2 Kf5 34. Nd2 Kxf4 35. Bb3 Bc4 36. Re5 b5 37. Bxc4 Nxc4+ 38. Nxc4 Rxc4 39. a3 R8c6 40. Ree1 f6 41. Rg1 g5 42. hxg5 fxg5 43. Rh1 h4 44. Rhg1 e5 45. dxe5 Re6 46. Rcf1 Rxe5 47. Kc2 Re3 48. Rg4+ 0-1

[Event "TUR-ch Youth"]
[Site "Denizli"]
[Date "2022.05.28"]
[Round "7"]
[White "Ilkimen, Mehmet Emre"]
[Black "Coban, Ege"]
[Result "1-0"]
[WhiteElo "1904"]
[BlackElo "1365"]
[PlyCount "107"]
[EventDate "2022.05.24"]
[EventType "swiss"]
[EventRounds "9"]
[EventCountry "TUR"]
[SourceTitle "EXT 2023"]
[Source "ChessBase"]
[SourceDate "2022.10.05"]
[SourceVersion "1"]
[SourceVersionDate "2022.10.05"]
[SourceQuality "1"]

1. d4 Nf6 2. Bg5 Ne4 3. Bf4 c5 4. f3 Nf6 5. dxc5 e5 6. Bxe5 Bxc5 7. Bd6 Qb6 8. Bxc5 Qxc5 9. Nc3 d5 10. Qd2 0-0 11. 0-0-0 Be6 12. e3 Nc6 13. Nge2 b5 14. Nd4 b4 15. Na4 Qa5 16. b3 Bd7 17. Bb5 Nxd4 18. Bxd7 Nxd7 19. Qxd4 Nb6 20. Qc5 Qxc5 21. Nxc5 Rfe8 22. Rd3 Rac8 23. Na6 Rc3 24. Nxb4 Rxd3 25. Nxd3 Rxe3 26. Re1 Rxe1+ 27. Nxe1 f6 28. Kd2 Kf7 29. Ke3 Ke6 30. Kd4 Kd6 31. Nd3 g5 32. c4 dxc4 33. bxc4 Nc8 34. c5+ Ke6 35. Kc4 a6 36. Nb4 a5 37. Nc6 a4 38. a3 Kd7 39. Kb5 Kc7 40. Nd4 Kb7 41. Kxa4 Ka6 42. Nc6 h5 43. g4 hxg4 44. fxg4 Kb7 45. Kb5 Kc7 46. a4 Kb7 47. a5 Ka8 48. Ka6 f5 49. gxf5 g4 50. Kb5 Kb7 51. f6 g3 52. hxg3 Ka8 53. f7 Kb7 54. Nd8+ 1-0

[Event "TUR-chT 2nd League"]
[Site "Konya"]
[Date "2019.07.26"]
[Round "7.6"]
[White "Ekinci, Berkay"]
[Black "Ilkimen, Mehmet Emre"]
[Result "0-1"]
[WhiteElo "1778"]
[BlackElo "1863"]
[PlyCount "106"]
[EventDate "2019.07.22"]
[EventType "team-swiss"]
[EventRounds "9"]
[EventCountry "TUR"]
[SourceTitle "CBM 191 Extra"]
[Source "ChessBase"]
[SourceDate "2019.09.30"]
[SourceVersion "1"]
[SourceVersionDate "2019.09.30"]
[SourceQuality "1"]
[WhiteTeam "Istanbul Sisli"]
[BlackTeam "Denizli Ihtisas"]
[WhiteTeamCountry "TUR"]
[BlackTeamCountry "TUR"]

1. d4 Nf6 2. c4 e6 3. Nf3 b6 4. a3 Bb7 5. Nc3 c5 6. e3 Be7 7. Be2 0-0 8. 0-0 d5 9. dxc5 bxc5 10. Qc2 Qc7 11. b3 Qc6 12. Rd1 Rd8 13. Bf1 Nbd7 14. Bb2 a6 15. Rac1 Nb6 16. cxd5 exd5 17. Ne2 Rac8 18. Ng3 Nbd7 19. Nf5 Bf8 20. Qb1 g6 21. Ng3 Bg7 22. b4 c4 23. Nd4 Qa4 24. Nge2 Nb6 25. Qa1 Ne4 26. Ng3 c3 27. Bxc3 Nxc3 28. Rxc3 Rxc3 29. Qxc3 Qxd1 30. Qc7 Re8 31. Qxb6 Ba8 32. Qxa6 Bxd4 33. exd4 Qxd4 34. b5 Rb8 35. a4 Qb6 36. Qxb6 Rxb6 37. Ne2 Kf8 38. Nd4 Ke7 39. a5 Rb8 40. b6 Kd6 41. Nb5+ Kc6 42. Na7+ Kc5 43. Nb5 Kb4 44. a6 Rxb6 45. Nc7 Rb8 46. g3 d4 47. a7 Rd8 48. Bg2 Bxg2 49. Kxg2 Kc3 50. a8Q Rxa8 51. Nxa8 d3 52. Nc7 d2 53. Nd5+ Kd3 0-1

[Event "TUR-chT 2nd League"]
[Site "Konya"]
[Date "2019.07.25"]
[Round "5.8"]
[White "Arslan, Muhammed Emin"]
[Black "Ilkimen, Mehmet Emre"]
[Result "0-1"]
[WhiteElo "1529"]
[BlackElo "1863"]
[PlyCount "48"]
[EventDate "2019.07.22"]
[EventType "team-swiss"]
[EventRounds "9"]
[EventCountry "TUR"]
[SourceTitle "CBM 191 Extra"]
[Source "ChessBase"]
[SourceDate "2019.09.30"]
[SourceVersion "1"]
[SourceVersionDate "2019.09.30"]
[SourceQuality "1"]
[WhiteTeam "Ceylanpinar Genclik"]
[BlackTeam "Denizli Ihtisas"]
[WhiteTeamCountry "TUR"]
[BlackTeamCountry "TUR"]

1. c4 e5 2. Nc3 Nc6 3. g3 f5 4. Bg2 Bb4 5. Nd5 Nf6 6. Nxb4 Nxb4 7. d3 0-0 8. e3 e4 9. Bf1 exd3 10. Bxd3 d5 11. a3 Nxd3+ 12. Qxd3 Be6 13. c5 Qe7 14. Qd4 f4 15. gxf4 Ne4 16. Nf3 Nxc5 17. Ng5 Rf5 18. Nxe6 Nxe6 19. Qd3 Rxf4 20. Qxd5 Rd8 21. Qe5 Qd7 22. 0-0 Rg4+ 23. Kh1 Qc6+ 24. f3 Qxf3+ 0-1

[Event "TUR-chT 2nd League"]
[Site "Konya"]
[Date "2019.07.25"]
[Round "6.6"]
[White "Ilkimen, Mehmet Emre"]
[Black "Alumert, Orkun Efe"]
[Result "1-0"]
[WhiteElo "1863"]
[BlackElo "2151"]
[PlyCount "41"]
[EventDate "2019.07.22"]
[EventType "team-swiss"]
[EventRounds "9"]
[EventCountry "TUR"]
[SourceTitle "CBM 191 Extra"]
[Source "ChessBase"]
[SourceDate "2019.09.30"]
[SourceVersion "1"]
[SourceVersionDate "2019.09.30"]
[SourceQuality "1"]
[WhiteTeam "Denizli Ihtisas"]
[BlackTeam "Mugla Ortaca Belediye"]
[WhiteTeamCountry "TUR"]
[BlackTeamCountry "TUR"]

1. d4 Nf6 2. Bg5 e6 3. Nd2 h6 4. Bh4 c5 5. e3 Nc6 6. c3 b6 7. Ngf3 Be7 8. Bd3 Bb7 9. Qe2 d6 10. Bg3 0-0 11. 0-0 Nh5 12. a3 Nxg3 13. hxg3 Bf6 14. Ne4 d5 15. Nxf6+ Qxf6 16. e4 dxe4 17. Qxe4 g6 18. dxc5 Na5 19. Qb4 Qxf3 20. gxf3 Nc6 21. Qa4 1-0

[Event "TUR-chT 2nd League"]
[Site "Konya"]
[Date "2017.07.19"]
[Round "4.14"]
[White "Acikgoz, Kagan Kerem"]
[Black "Ilkimen, Mehmet Emre"]
[Result "0-1"]
[WhiteElo "1571"]
[BlackElo "1774"]
[PlyCount "68"]
[EventDate "2017.07.17"]
[EventType "team-swiss"]
[EventRounds "9"]
[EventCountry "TUR"]
[SourceTitle "CBM 179 Extra"]
[Source "ChessBase"]
[SourceDate "2017.08.23"]
[SourceVersion "1"]
[SourceVersionDate "2017.08.23"]
[SourceQuality "1"]
[WhiteTeam "Izmir Cesme Belediye"]
[BlackTeam "Denizli Ihtisas"]
[WhiteTeamCountry "TUR"]
[BlackTeamCountry "TUR"]

1. e4 Nf6 2. e5 Nd5 3. d4 d6 4. c4 Nb6 5. exd6 cxd6 6. Nc3 Nc6 7. d5 Ne5 8. f4 Ned7 9. Be3 Nf6 10. h3 e6 11. Nf3 exd5 12. cxd5 Bd7 13. Be2 Be7 14. 0-0 0-0 15. g4 Kh8 16. Nh2 Re8 17. Qd4 Bf8 18. Bf3 Rc8 19. f5 Ng8 20. Qf4 Rc4 21. Bd4 Be7 22. Qd2 Bg5 23. Qd3 Rxd4 24. Qc2 Rd2 25. Qb3 Bf4 26. Bg2 Bxh2+ 27. Kxh2 Qc7 28. Rf4 Nf6 29. g5 Nfxd5 30. Nxd5 Nxd5 31. Rf3 Ree2 32. Rg1 Qc2 33. Qxc2 Rxc2 34. Kh1 Ne3 0-1